<?xml version="1.0" encoding="UTF-8"?>
<record
    xmlns:xsi="http://www.w3.org/2001/XMLSchema-instance"
    xsi:schemaLocation="http://www.loc.gov/MARC21/slim http://www.loc.gov/standards/marcxml/schema/MARC21slim.xsd"
    xmlns="http://www.loc.gov/MARC21/slim">

  <leader>01612nam a22002897a 4500</leader>
  <controlfield tag="003">DO-SdBNP</controlfield>
  <controlfield tag="005">20211206115142.0</controlfield>
  <controlfield tag="007">ta</controlfield>
  <controlfield tag="008">211202b2018    pr a|||| |||| 00| 0 spa d</controlfield>
  <datafield tag="020" ind1=" " ind2=" ">
    <subfield code="a">9789945608212</subfield>
  </datafield>
  <datafield tag="040" ind1=" " ind2=" ">
    <subfield code="a">DO-SdBNP</subfield>
    <subfield code="b">spa</subfield>
    <subfield code="c">BNPHU </subfield>
  </datafield>
  <datafield tag="082" ind1=" " ind2="4">
    <subfield code="2">22</subfield>
    <subfield code="b">M953</subfield>
  </datafield>
  <datafield tag="245" ind1="0" ind2="0">
    <subfield code="a">Mujer e iglesia : </subfield>
    <subfield code="b">una respuesta teol&#xF3;gica /</subfield>
    <subfield code="c">editora y compiladora ; Lydia E. Rodr&#xED;guez Rodr&#xED;guez ; introducci&#xF3;n  Lydia E. Rodr&#xED;guez Rodr&#xED;guez ; pr&#xF3;logo  Marin&#xE9;s Santiago Calder&#xF3;n.</subfield>
  </datafield>
  <datafield tag="260" ind1=" " ind2=" ">
    <subfield code="a">San Juan, Puerto Rico : </subfield>
    <subfield code="b">Isla Negra Editores, </subfield>
    <subfield code="c">2018.</subfield>
  </datafield>
  <datafield tag="300" ind1=" " ind2=" ">
    <subfield code="a">114 p. :</subfield>
    <subfield code="b">il. ; </subfield>
    <subfield code="c">22 cm. </subfield>
  </datafield>
  <datafield tag="490" ind1=" " ind2=" ">
    <subfield code="a">Visiones y cegueras.</subfield>
  </datafield>
  <datafield tag="500" ind1=" " ind2=" ">
    <subfield code="a">Incluye referencias bibliogr&#xE1;ficas y notas al pie de las p&#xE1;ginas.</subfield>
  </datafield>
  <datafield tag="500" ind1=" " ind2=" ">
    <subfield code="a">Incluye datos biogr&#xE1;ficos de la autora en la solapa de la cubierta.</subfield>
  </datafield>
  <datafield tag="504" ind1=" " ind2=" ">
    <subfield code="a">Bibliograf&#xED;a : p. 111-114</subfield>
  </datafield>
  <datafield tag="505" ind1="0" ind2=" ">
    <subfield code="a">Introducci&#xF3;n --</subfield>
    <subfield code="t">Pr&#xF3;logo --</subfield>
    <subfield code="t">Las mujeres b&#xED;blicas y sus respuestas a la vida : cotidianidad y misi&#xF3;n / </subfield>
    <subfield code="r">Doris Garc&#xED;a Rivera --</subfield>
    <subfield code="t">Pr&#xE1;ctica pastoral de la mujer : en busca de equidad / </subfield>
    <subfield code="r">Maritza Resto Rivera --</subfield>
    <subfield code="t">Mujer e iglesia : una respuesta teol&#xF3;gica desde el laicado / </subfield>
    <subfield code="r">Marviliz &#xC1;vila Rodr&#xED;guez --</subfield>
    <subfield code="t">Mujer, iglesia y teolog&#xED;a : un asunto de justicia / </subfield>
    <subfield code="r">Agustina Luvis N&#xFA;&#xF1;ez --</subfield>
    <subfield code="t">Una expresi&#xF3;n de mujer / </subfield>
    <subfield code="r">Nydia V&#xE9;lez Castro, artista pl&#xE1;stica --</subfield>
  </datafield>
  <datafield tag="590" ind1=" " ind2=" ">
    <subfield code="a">Inventariado, 2021 /LP

</subfield>
  </datafield>
  <datafield tag="700" ind1="1" ind2=" ">
    <subfield code="a">Lydia E. Rodr&#xED;guez Rodr&#xED;guez,</subfield>
    <subfield code="e">ed.</subfield>
    <subfield code="9">80799</subfield>
  </datafield>
  <datafield tag="700" ind1="1" ind2=" ">
    <subfield code="a">Santiago Calder&#xF3;n, Marin&#xE9;s,</subfield>
    <subfield code="e">Pr&#xF3;l.</subfield>
    <subfield code="9">80800</subfield>
  </datafield>
  <datafield tag="700" ind1="1" ind2=" ">
    <subfield code="a">Lydia E. Rodr&#xED;guez Rodr&#xED;guez,</subfield>
    <subfield code="e">Introd.</subfield>
    <subfield code="9">80799</subfield>
  </datafield>
  <datafield tag="830" ind1=" " ind2="0">
    <subfield code="a">Visiones y cegueras.</subfield>
    <subfield code="9">1120</subfield>
  </datafield>
  <datafield tag="942" ind1=" " ind2=" ">
    <subfield code="2">ddc</subfield>
    <subfield code="c">LBS1</subfield>
  </datafield>
  <datafield tag="952" ind1=" " ind2=" ">
    <subfield code="0">0</subfield>
    <subfield code="1">0</subfield>
    <subfield code="2">ddc</subfield>
    <subfield code="5">1</subfield>
    <subfield code="7">0</subfield>
    <subfield code="8">MO</subfield>
    <subfield code="a">BNPHU</subfield>
    <subfield code="b">PD</subfield>
    <subfield code="c">HD</subfield>
    <subfield code="d">2021-12-02</subfield>
    <subfield code="e">Dep&#xF3;sito Legal </subfield>
    <subfield code="l">0</subfield>
    <subfield code="o">M953</subfield>
    <subfield code="p">2021-28476</subfield>
    <subfield code="r">2021-12-02</subfield>
    <subfield code="w">2021-12-02</subfield>
    <subfield code="y">LBS1</subfield>
  </datafield>
  <datafield tag="952" ind1=" " ind2=" ">
    <subfield code="0">0</subfield>
    <subfield code="1">0</subfield>
    <subfield code="2">ddc</subfield>
    <subfield code="5">1</subfield>
    <subfield code="7">0</subfield>
    <subfield code="8">MO</subfield>
    <subfield code="a">BNPHU</subfield>
    <subfield code="b">PD</subfield>
    <subfield code="c">HD</subfield>
    <subfield code="d">2021-12-02</subfield>
    <subfield code="e">Dep&#xF3;sito Legal </subfield>
    <subfield code="l">0</subfield>
    <subfield code="o">M953</subfield>
    <subfield code="p">2021-28477</subfield>
    <subfield code="r">2021-12-02</subfield>
    <subfield code="t">e.2</subfield>
    <subfield code="w">2021-12-02</subfield>
    <subfield code="y">LBS1</subfield>
  </datafield>
  <datafield tag="952" ind1=" " ind2=" ">
    <subfield code="0">0</subfield>
    <subfield code="1">0</subfield>
    <subfield code="2">ddc</subfield>
    <subfield code="5">6</subfield>
    <subfield code="7">0</subfield>
    <subfield code="8">MO</subfield>
    <subfield code="a">BNPHU</subfield>
    <subfield code="b">DO</subfield>
    <subfield code="c">HD</subfield>
    <subfield code="d">2021-12-02</subfield>
    <subfield code="e">Dep&#xF3;sito Legal </subfield>
    <subfield code="l">0</subfield>
    <subfield code="o">M953</subfield>
    <subfield code="p">2021-28478</subfield>
    <subfield code="r">2021-12-02</subfield>
    <subfield code="t">e.3</subfield>
    <subfield code="w">2021-12-02</subfield>
    <subfield code="y">LBS1</subfield>
  </datafield>
  <datafield tag="999" ind1=" " ind2=" ">
    <subfield code="c">51089</subfield>
    <subfield code="d">51089</subfield>
  </datafield>
</record>
